Statistics for Olsen Banden Film

Click here to take the quiz!

General Stats

  • This quiz has been taken 145 times
  • The average score is 7 of 14

Answer Stats

Årstal Titel % Correct
1971Olsen-banden i Jylland
87%
1968Olsen-banden
80%
1976Olsen-banden ser rødt
75%
1975Olsen-banden på sporet
68%
1998Olsen-bandens sidste stik
54%
1981Olsen-banden over alle bjerge
49%
1969Olsen-banden på spanden
43%
1972Olsen-bandens store kup
42%
1973Olsen-banden går amok
39%
1978Olsen-banden går i krig
36%
1977Olsen-banden deruda'
35%
1974Olsen-bandens sidste bedrifter
34%
1979Olsen-banden overgiver sig aldrig
29%
1981Olsen-bandens flugt over plankeværket
29%

Score Distribution

Percentile by Number Answered

Percent of People with Each Score

Your Score History

You have not taken this quiz